Special catagory states of India / (Record no. 137218)

MARC details
000 -LEADER
fixed length control field 00563nam a22001937a 4500
005 - DATE AND TIME OF LATEST TRANSACTION
control field 20170124165326.0
010 ## - LCCN (DPL NO)
LC control number ENG-117168
020 ## - INTERNATIONAL STANDARD BOOK NUMBER
International Standard Book Number 9789385505874
Terms of availability 795.00
035 ## - SYSTEM CONTROL NUMBER
System control number EN-100700
037 ## - SOURCE OF ACQUISITION
Source of stock number/acquisition Uppal
Stock number dpl
037 ## - SOURCE OF ACQUISITION
Source of stock number/acquisition DBAD/PUB
082 ## - DEWEY DECIMAL CLASSIFICATION NUMBER
Classification number 909
100 ## - MAIN ENTRY--PERSONAL NAME
Personal name Loon,Hendrik Willem Van
245 ## - TITLE STATEMENT
Title Special catagory states of India /
Statement of responsibility, etc by Hendrik Willem Van Loon
260 ## - PUBLICATION, DISTRIBUTION, ETC. (IMPRINT)
Date of publication, distribution, etc 2016
Place of publication, distribution, etc New Delhi
Name of publisher, distributor, etc Alpha Edition
270 ## - ADDRESS
Address Ansari Road Daryaganj
City New Delhi
Postal code 110002
300 ## - PHYSICAL DESCRIPTION
Dimensions 22cm (pbk)
Extent 460p.
942 ## - ADDED ENTRY ELEMENTS (KOHA)
Item type English Books
Source of classification or shelving scheme Dewey Decimal Classification
Classification part 909
Call number suffix LOO
Holdings
Withdrawn status Lost status Not for loan Collection code Home library Current library Date acquired Source of acquisition Cost, normal purchase price Full call number Barcode Copy number Cost, replacement price Koha item type
    Not For Loan Non-fiction D.B.Act.Division D.B.Act.Division 24/01/2017 DBAD/PUB 795.00 909 LOO EN-100700 1 795.00 English Books

© Delhi Public Library
Hit Counter
free hit counter